000 00345nam a2200133Ia 4500
008 240624s9999 xx 000 0 und d
041 _aeng
082 _a320 SHA
100 _aSHANKAR B L
245 _aINDIAN PARLIAMENT A DEMOCRACY AT WORK
260 _c2012
_aNew Delhi
_bOxford India
300 _axv, : 412 : p. : cm. ; 24
365 _cRS
_b30
999 _c21674
_d21674